Giảng văn Phân tích tác phẩm - trao đổi kiến thức về dạy và học trong nhà trường T.2

में बचाया:
ग्रंथसूची विवरण
अन्य लेखक: Đinh Thái Hương (Biên tập)
स्वरूप: पुस्तक
प्रकाशित: Hà Nội Đại học Sp TP. Hồ Chí Minh 1982
विषय:
टैग : टैग जोड़ें
कोई टैग नहीं, इस रिकॉर्ड को टैग करने वाले पहले व्यक्ति बनें!
Thư viện lưu trữ: Trung tâm Học liệu Lê Vũ Hùng, Trường Đại học Đồng Tháp
LEADER 00703pam a22001938a 4500
001 00042344
005 20180919100911.0
008 110425s1982 ||||||Viesd
020 # # |c 8000 
041 0 # |a Vie 
082 1 4 |a 807  |b Gi106V 
245 0 0 |b Phân tích tác phẩm - trao đổi kiến thức về dạy và học trong nhà trường  |a Giảng văn  |n T.2 
260 # # |a Hà Nội  |b Đại học Sp TP. Hồ Chí Minh  |c 1982 
300 # # |a 171 tr.  |c 19 cm. 
653 # # |a Sách đọc thêm 
700 0 # |a Đinh Thái Hương  |e Biên tập 
852 # # |j KD.0024202 
910 |d 19/09/2018 
980 # # |a Trung tâm Học liệu Lê Vũ Hùng, Trường Đại học Đồng Tháp